书目信息 |
| 题名: |
费恩曼物理学讲义
|
|
| 作者: | 范曼, , 桑兹, , 莱顿, 著 ;李洪芳 , 王子辅 , 钟万蘅 译 | |
| 分册: | 第2卷 | |
| 出版信息: | 上海 上海科学技术出版社 2005.06 |
|
| 页数: | 601页 | |
| 开本: | 26cm | |
| 丛书名: | ||
| 单 册: | ||
| 中图分类: | O4 | |
| 科图分类: | ||
| 主题词: | 普通物理学--pu tong wu li xue--高等学校--教学参考资料 | |
| 电子资源: | ||
| ISBN: | 7-5323-7874-8 | |
| 000 | 01333nam0 2200313 450 | |
| 001 | 012006611593 | |
| 005 | 20060921163916.04 | |
| 010 | @a7-5323-7874-8@dCNY85.00 | |
| 100 | @a20060708d2005 km y0chiy0120 ea | |
| 101 | 1 | @achi@ceng |
| 102 | @aCN@b310000 | |
| 105 | @aa z 001yy | |
| 200 | 1 | @a费恩曼物理学讲义@Afei en man wu li xue jiang yi@d= The Feynman Lectures on Physics@h第2卷@f(美) 费恩曼, 莱顿, 桑兹著@F(mei)fei en man,lai dun,sang zi zhu@g李洪芳, 王子辅, 钟万蘅译@Gli hong fang,wang zi fu,zhong wan heng yi@zeng |
| 210 | @a上海@c上海科学技术出版社@d2005.06 | |
| 215 | @a601页@c图@d26cm | |
| 314 | @a责任者费恩曼规范汉译姓: 范曼 | |
| 320 | @a有索引 | |
| 330 | @a本书内容包括:电磁学、矢量场的微分运算、矢量积分运算、静电学、高斯定律的应用、在各种情况下的电场、静电能、大气中的带电体等。 | |
| 510 | 1 | @aFeynman Lectures on Physics@zeng |
| 606 | 0 | @a普通物理学@Apu tong wu li xue@x高等学校@j教学参考资料 |
| 690 | @aO4@v4 | |
| 701 | 1 | @a范曼,@Afan man,@bR. P.@g(Feynman, Richard P.),@f1918-1988@4著 |
| 701 | 1 | @a桑兹,@Asang zi,@bM. L.@g(Sands, Mattgew L.)@4著 |
| 701 | 1 | @a莱顿,@Alai dun,@bR. B.@g(Leighton, Rights B.)@4著 |
| 702 | 0 | @a李洪芳@Ali hong fang@4译 |
| 702 | 0 | @a王子辅@Awang zi fu@4译 |
| 702 | 0 | @a钟万蘅@Azhong wan heng@4译 |
| 801 | 0 | @aCN@bQSSK@c20060921 |
| 905 | @apdsgxy@dO4@eF344:2 | |
| 费恩曼物理学讲义= The Feynman Lectures on Physics.第2卷/(美) 费恩曼, 莱顿, 桑兹著/李洪芳, 王子辅, 钟万蘅译.-上海:上海科学技术出版社,2005.06 |
| 601页:图;26cm |
| ISBN 7-5323-7874-8:CNY85.00 |
| 本书内容包括:电磁学、矢量场的微分运算、矢量积分运算、静电学、高斯定律的应用、在各种情况下的电场、静电能、大气中的带电体等。 |
| ● |
| 相关链接 |
|
|
|
正题名:费恩曼物理学讲义
索取号:O4/F344:2
 
预约/预借
| 序号 | 登录号 | 条形码 | 馆藏地/架位号 | 状态 | 备注 |
| 1 | 595101 | 205951013 | 自科库401/401自科库 84排1列3层/ [索取号:O4/F344:2] | 在馆 | |
| 2 | 595102 | 205951022 | 自科库401/401自科库 84排1列3层/ [索取号:O4/F344:2] | 在馆 | |
| 3 | 595103 | 205951031 | 自科库401/401自科库 84排1列3层/ [索取号:O4/F344:2] | 在馆 |